[Event "VIE-ch U13 Girls"]
[Site "Hanoi"]
[Date "2022.06.17"]
[Round "9"]
[White "Doan, Nguyen Y Nhien"]
[Black "Nguyen, Minh Hanh"]
[Result "1/2-1/2"]
[WhiteElo "2136"]
[BlackElo "2154"]
[PlyCount "85"]
[EventDate "2022.06.11"]
[EventType "swiss"]
[EventRounds "9"]
[EventCountry "VIE"]
[SourceTitle "EXT 2023"]
[Source "ChessBase"]
[SourceDate "2022.10.05"]
[SourceVersion "1"]
[SourceVersionDate "2022.10.05"]
[SourceQuality "1"]

1. e4 c5 2. Nf3 Nc6 3. c3 d6 4. d4 cxd4 5. cxd4 Nf6 6. Nc3 Bg4 7. Bb5 a6 8. Bxc6+ bxc6 9. Bg5 e6 10. 0-0 Be7 11. Qd3 0-0 12. Bxf6 Bxf6 13. h3 Bxf3 14. Qxf3 Bxd4 15. Rad1 Bxc3 16. Qxc3 c5 17. e5 d5 18. Qxc5 Rc8 19. Qe3 Qa5 20. a3 Qc5 21. Qxc5 Rxc5 22. Rd3 h6 23. Rfd1 Rfc8 24. f3 Rc1 25. Rxc1 Rxc1+ 26. Kh2 Re1 27. f4 Re4 28. Kg3 a5 29. Kf3 Kh7 30. Re3 Rc4 31. Rd3 a4 32. g4 Rc2 33. b4 axb3 34. Rxb3 Rc4 35. Rd3 g5 36. fxg5 hxg5 37. Re3 Kg6 38. Rb3 Rd4 39. Rc3 f6 40. exf6 Kxf6 41. Kg3 Ke5 42. h4 gxh4+ 43. Kxh4 1/2-1/2